Suma psicológica (Record no. 173099)

MARC details
000 -CABECERA
campo de control de longitud fija 01445cas a2200289 a 4500
005 - FECHA Y HORA DE LA ÚLTIMA TRANSACCIÓN
campo de control 20241016063906.0
006 - ELEMENTOS DE LONGITUD FIJA – CARACTERÍSTICAS DE MATERIALES ADICIONALES – INFORMACIÓN GENERAL
campo de control de longitud fija s|||||o|||| 00| 0
008 - ELEMENTOS DE LONGITUD FIJA--INFORMACIÓN GENERAL
campo de control de longitud fija 991125c1994 ck fr p|o 000 0 spa d
022 ## - NÚMERO INTERNACIONAL NORMALIZADO PARA PUBLICACIONES SERIADAS
Número Internacional Normalizado para Publicaciones Seriadas 2145-9797
035 ## - NÚMERO DE CONTROL DEL SISTEMA
Número de control de sistema UPN01000200998
040 ## - FUENTE DE LA CATALOGACIÓN
Centro catalogador/agencia de origen MX-MxUPN
Lengua de catalogación spa
Centro/agencia transcriptor MX-MxUPN
Normas de descripción aacr2
049 ## - COLECCIÓN
Colección REV-E
245 00 - MENCIÓN DE TÍTULO
Título Suma psicológica
Medio [recurso electrónico en línea]
260 ## - PUBLICACIÓN, DISTRIBUCIÓN, ETC.
Lugar de publicación, distribución, etc. Bogotá :
Nombre del editor, distribuidor, etc. Konrad Lorenz Fundación Universitaria,
Fecha de publicación, distribución, etc. 1994 -
310 ## - FRECUENCIA ACTUAL DE LA PUBLICACION
Periodicidad actual Semestral
506 0# - NOTA DE RESTRICCIONES AL ACCESO
Limitaciones de acceso Acceso abierto.
510 0# - NOTA DE CITAS O REFERENCIAS BIBLIOGRÁFICAS
Nombre de la fuente Scopus
510 0# - NOTA DE CITAS O REFERENCIAS BIBLIOGRÁFICAS
Nombre de la fuente Psicodoc.
510 0# - NOTA DE CITAS O REFERENCIAS BIBLIOGRÁFICAS
Nombre de la fuente EBSCO.
520 ## - NOTA DE RESUMEN, ETC.
Sumario, etc. "Se divulgan artículos de interés general para la psicología concebida como una ciencia y, por lo tanto, acepta reportes de investigación de carácter empírico, tanto a nivel básico como aplicado; discusiones teóricas, filosóficas o conceptuales sobre la disciplina y reinterpretaciones de datos previamente publicados. De la misma forma, reconoce la interdisciplinariedad de la psicología, y por esta razón publica artículos en temáticas afines a otras ciencias (estudios socioculturales, neurociencias, economía y salud, entre otros)".
Fuente proveedora Suma psicológica.
650 #4 - ASIENTO SECUNDARIO DE MATERIA - TERMINO TEMATICO
Término de materia o nombre geográfico como elemento de entrada Psicología
Subdivisión general Investigación
9 (RLIN) 15714
650 #4 - ASIENTO SECUNDARIO DE MATERIA - TERMINO TEMATICO
Término de materia o nombre geográfico como elemento de entrada Psicopedagogía
9 (RLIN) 5085
856 4# - LOCALIZACIÓN Y ACCESO ELECTRÓNICOS
Identificador Uniforme del Recurso <a href="https://sumapsicologica.konradlorenz.edu.co/numeros/#toggle-id-1">https://sumapsicologica.konradlorenz.edu.co/numeros/#toggle-id-1</a>
856 4# - LOCALIZACIÓN Y ACCESO ELECTRÓNICOS
Identificador Uniforme del Recurso <a href="https://dialnet.unirioja.es/servlet/revista?codigo=11482">https://dialnet.unirioja.es/servlet/revista?codigo=11482</a>
905 ## - TIPO DE MATERIAL
Tipo de material Revista
942 ## - ELEMENTOS DE PUNTO DE ACCESO ADICIONAL (KOHA)
Tipo de ítem Koha Revista Electrónica
Holdings
Estado de retiro Estado de pérdida Fuente del sistema de clasificación o colocación Estado dañado No para préstamo Código de colección Localización permanente Ubicación/localización actual Ubicación en estantería Fecha de adquisición Fecha visto por última vez Identificador Uniforme del Recurso Tipo de ítem Koha
    Library of Congress Classification     Acceso abierto Bib. Gregorio Torres Quintero Bib. Gregorio Torres Quintero En línea 31/05/2022 31/05/2022 http://sumapsicologica.konradlorenz.edu.co/ Revista Electrónica